Municipis de la comarca de la Selva amb mapa (Catalunya) - Statistics

General Stats
  • This quiz has been taken 236 times
  • The average score is 14 of 26
Answers on the Map
Answers color-coded by a green-red scale on the quiz's map according to % correct below.
 
Answer Stats
Answer % Correct
Tossa de Mar
75%
Lloret de Mar
72%
Blanes
71%
Santa Coloma de Farners
62%
Vidreres
59%
Susqueda
57%
Caldes de Malavella
56%
Amer
54%
Arbúcies
53%
Fogars de la Selva
53%
Maçanet de la Selva
53%
Sils
53%
Hostalric
52%
Riudellots de la Selva
52%
Sant Hilari Sacalm
51%
Massanes
48%
Riells i Viabrea
47%
Anglès
46%
La Cellera de Ter
46%
Sant Julià del Llor i Bonmatí
46%
Breda
45%
Brunyola
43%
Riudarenes
43%
Vilobí d'Onyar
43%
Osor
41%
Sant Feliu de Buixalleu
39%
No matching quizzes found
Score Distribution
Percent of People with Each Score
Percentile by Number Answered
Your Score History
You have not taken this quiz